Modernes deutsches drama

Guardat en:
Dades bibliogràfiques
Autor principal: Mennemeier, Franz Norbert
Format: Llibre
Idioma:Undetermined
Publicat: München, Alemania Wilhelm Fink 1979
Matèries:
Etiquetes: Afegir etiqueta
Sense etiquetes, Sigues el primer a etiquetar aquest registre!

MARC

LEADER 00000nam a2200000Ia 4500
008 170316s9999 xx 000 0 und d
040 |a cru BVZT 
090 |a 830 M-5m 
100 |a Mennemeier, Franz Norbert 
245 |a Modernes deutsches drama 
260 |a München, Alemania  |b Wilhelm Fink  |c 1979 
300 |a 405 páginas  |b v.1 
650 |a LITERATURA ALEMANA 
999 |c 7401  |d 7401 
942 |c 15 D  |h 830 M-5m  |2 z